| 000 | 00352nam a2200145Ia 4500 | ||
|---|---|---|---|
| 008 | 230711s9999||||xx |||||||||||||| ||und|| | ||
| 041 | _aENG | ||
| 082 |
_a720 _bRI-H |
||
| 100 | _aRiley,Noel | ||
| 245 | 2 | _aA history of decorative tiles | |
| 250 | _a1st Ed. | ||
| 260 |
_c1987 _aNew Delhi _bAbhishek Publications |
||
| 650 | _aArchitecture | ||
| 942 | _cBK | ||
| 999 |
_c3914 _d3914 |
||